| 000 | 00754nam a22002537a 4500 | ||
|---|---|---|---|
| 003 | UA-OsUOA | ||
| 001 | 29437 | ||
| 007 | ta | ||
| 008 | 20041011b un ||||| |||| 00| 0 ukr d | ||
| 090 |
_a82.09(477) _bУ47 |
||
| 942 | _cBK | ||
| 040 |
_aUA-OsUOA _bukr _cUA-OsUOA _dUA-OsUOA |
||
| 245 |
_aУкраїнське слово. Хрестоматія української літератури та літературної критики _cУпоряд. В.Яременко Є.Федоренко О.Сліпушко |
||
| 300 | _a703 с. | ||
| 955 | _a0 | ||
| 041 | _aukr | ||
| 080 | _a82.09(477) | ||
| 020 | _a5-7707-8803-8 | ||
| 260 |
_aКиїв _b"Рось" _c1995 |
||
| 246 | 3 | 1 |
_aКн. 4 _n |
| 044 | _aUA | ||
| 650 | 7 | _2UDC | |
| 999 |
_c315826 _d315826 |
||